Languages of Angola on a Map - Statistics

General Stats
  • This quiz has been taken 268 times
  • The average score is 3 of 28
Answers on the Map
Answers color-coded by a green-red scale on the quiz's map according to % correct below.
 
Answer Stats
Group Flag Speakers Answer % Correct
Romance 230,000,000 Portuguese
94%
Bantu 6,500,000 Kongo
47%
Bantu 7,000,000 Umbundu
27%
Bantu 1,700,000 Kimbundu
23%
Bantu 2,500,000 Chokwe
22%
Bantu 2,500,000 Lunda
18%
Bantu 1,441,000 Ovambo
16%
Bantu 260,000 Mbunda
9%
Bantu 640,000 Luvale
7%
Bantu 431,000 Luchazi
6%
Bantu 900,000 Yaka
6%
Bantu 300,000 Nyaneka
5%
Bantu 250,000 Ruund
4%
Bantu 32,000 Holu
3%
Southwest Bantu 152,000 Kwangali
3%
Bantu 44,000 Luimbi
3%
Bantu 400,000 Mbangala
3%
Bantu 150,000 Nkumbi
3%
Bantu 24,000 Sama
3%
Bantu 2,600 Bolo
2%
Khoe 8,000 Khwe
2%
Bantu 22,000 Mashi
2%
Bantu 22,300 Ndombe
2%
Bantu 50,000 Nsongo
2%
Bantu 25,000 Zemba
2%
Southwest Bantu 82,000 Dciriku
1%
Bantu 2,900 Luyana
1%
Kx'a 20,000 Sekele
1%
No matching quizzes found
Score Distribution
Percent of People with Each Score
Percentile by Number Answered
Your Score History
You have not taken this quiz